000 01948cam a22005414i 4500
003 PE-LiUPU
005 20250731165502.0
008 150623s r 000 0 d
020 _a185075991X
035 _a(Sirsi) i9781850759911
040 _aPE-LiUPU
_bspa
_cPE-LiUPU
_erda
049 _aPRUA
082 0 4 _a225.077
_bJ
_221
245 0 0 _aLinguistics and the New Testament :
_bcritical junctures /
_ceditado por Stanley E. Porter y D.A. Carson.
264 1 _aSheffield, Inglaterra :
_bSheffield Academic Press,
_c1999.
300 _a297 páginas ;
_c24 centímetros
336 _atext
_2rdacontent
337 _aunmediated
_2rdamedia
338 _avolume
_2rdacarrier
490 0 _aJournal for the Study of the New Testament. Supplement series; 168. Studies in New Testament Greek ;
_v5
504 _aIncluye bibliografía.
505 0 _aLingüistics and .. -Words on words.
526 _aSEG44
526 _aSEG26
526 _aP151
526 _aP150
526 _aP149
526 _aP146
526 _aP145
526 _aP126
526 _aP125
526 _aP92
526 _aP75
526 _aP74
526 _aP27
526 _aP15
630 _aBiblia.
_pN.T.
_xLenguaje, estilo.
650 0 4 _aGriego Bíblico
_xGramática.
_95993
650 0 4 _aLingüística.
700 1 _aCarson, D. A.,
_eed.
700 1 _aPorter, Stanley E.,
_d1956-,
_eed.
942 _2ddc
_cBOOK
949 _aRC 225.077 J 168
_wDEWEY
_c1
_i46433
_lCCODEBUL1
_mBUL
_r0
_sY
_tBOOK
_u2015-6-24
_xTEOLOGIA
_PP35
_0COMPRA
_o.CIRCNOTE. No olvidar cambiar la fecha de devolución!!!!!!!
_o.STAFF. Colección General
994 _aC0
_bPEPRU
596 _a1
999 _aRC 225.077 J 168
_wDEWEY
_c23198
_i46433
_f2021-11-8
_g6
_lCCODEBUL1
_mBUL
_r1
_sY
_tBOOK
_u2015-6-24
_xTEOLOGIA
_PP35
_0COMPRA
_o.CIRCNOTE. No olvidar cambiar la fecha de devolución!!!!!!!
_o.STAFF. Colección General
_d23198
980 _81
_gALBERTO SANCHEZ Responsable de Automatización